Normal view MARC view
  • Rodríguez Rodríguez, Jorge

Entry Nombre Personal

Number of records used in: 1

001 - NUMERO DE CONTROL

  • campo de control: 44008

003 - IDENTIFICADOR DE NUMERO DE CONTROL

  • campo de control: UPN

005 - FECHA Y HORA DE LA ÜLTIMA TRANSACCIÓN

  • campo de control: 20230130130704.0

008 - DATOS DE LONGITUD FIJA

  • campo de control de longitud fija: 220315|| aca||aabn | a|a d

010 ## - NÚMERO DE CONTROL DE LA BIBLIOTECA DEL CONGRESO

  • Número de control LC: ns2016001475

035 ## - NUMERO DE CONTROL

  • Número de control: (CaEvSKY)skya11060481

040 ## - FUENTE DE CATALOGACIÓN

  • Agencia original de catalogación: MX-SlUA
  • Lenguaje de catalogación: spa
  • Agencia de transcripción: MX-SlUA
  • Agencia que lo modifica: MX-MxUPN
  • Description conventions: rda

100 1# - ENCABEZAMIENTO - NOMBRE PERSONAL

  • Nombre personal: Rodríguez Rodríguez, Jorge

372 ## - CAMPO DE ACTIVIDAD

  • Fuente del término: lcsh
  • Field of activity: Ingeniería civil
  • Field of activity: Traducción

373 ## - GRUPO ASOCIADO

  • Fuente del término: naf
  • Associated group: Universidad Nacional Autónoma de México

374 ## - OCUPACIÓN

  • Fuente del término: lcsh
  • Occupation: Traductor
  • Occupation: Ingeniero civil

375 ## - GÉNERO

  • Gender: masculino

377 ## - LENGUA ASOCIADA

  • Language code: spa

400 1# - VEÁSE - NOMBRE DE PERSONA

  • Personal name: Rodríguez, Jorge Rodríguez

670 ## - FUENTE EN LA QUE SE LOCALIZARON DATOS

  • Cita de la fuente: Administración de la producción y las operaciones: conceptos, modelos y funcionamiento, 1991:
  • Información localizada: portada (tr. Jorge Rodríguez Rodríguez ; Ing. Civil, UNAM)